000 00270nam a2200109Ia 4500
008 220204s9999 xx 000 0 und d
082 _a82-3
_bCHA
100 _aChase, James Hadley
245 0 _aYou're lonely when you're dead
260 _aBombay
_bIBH
_c1978
942 _cBK
999 _c29334
_d29334